| 000 | 01062nam a2200289 a 4500 | ||
|---|---|---|---|
| 001 | ebr10032009 | ||
| 003 | CaPaEBR | ||
| 006 | m u | ||
| 007 | cr cn||||||||| | ||
| 008 | 090803s2003 maua s 000 0 eng d | ||
| 040 |
_aCaPaEBR _cCaPaEBR |
||
| 035 | _a(OCoLC)844077919 | ||
| 050 | 1 | 4 |
_aT1 _b.E54 2003eb |
| 245 | 0 | 0 |
_aCommunications _h[electronic resource] : _bfaster, smaller, cheaper. |
| 260 |
_aBoston, Mass. : _bTechnology Research News, _c2003. |
||
| 300 |
_a20 p. : _bill. |
||
| 490 | 0 | _aTRN topic bundle | |
| 500 | _aTwo columns to the page. | ||
| 533 |
_aElectronic reproduction. _bPalo Alto, Calif. : _cebrary, _d2009. _nAvailable via World Wide Web. _nAccess may be limited to ebrary affiliated libraries. |
||
| 650 | 0 | _aDirect energy conversion. | |
| 650 | 0 | _aRobots. | |
| 650 | 0 | _aMicrotechnology. | |
| 650 | 0 | _aTechnology. | |
| 655 | 7 |
_aElectronic books. _2local |
|
| 710 | 2 | _aebrary, Inc. | |
| 856 | 4 | 0 |
_uhttp://site.ebrary.com/lib/rucke/Doc?id=10032009 _zAn electronic book accessible through the World Wide Web; click to view |
| 999 |
_c162798 _d162798 |
||